El abuso de la personalidad jurídica (Registro nro. 7498)
[ vista simple ]
| 000 -LEADER | |
|---|---|
| fixed length control field | 01921 a2200229 4500 |
| 001 - CONTROL NUMBER | |
| control field | 61958 |
| 005 - DATE AND TIME OF LATEST TRANSACTION | |
| control field | 20260407155912.0 |
| 008 - FIXED-LENGTH DATA ELEMENTS--GENERAL INFORMATION | |
| fixed length control field | 260407a1991 arg spa d |
| 003 - CONTROL NUMBER IDENTIFIER | |
| control field | AR-UNSa-BCEJYS |
| 040 ## - CATALOGING SOURCE | |
| Original cataloging agency | AR-UNSa-BCEJYS |
| Language of cataloging | spa |
| Transcribing agency | AR-UNSa-BCEJYS |
| 080 ## - UNIVERSAL DECIMAL CLASSIFICATION NUMBER | |
| Universal Decimal Classification number | 347.19 |
| Common auxiliary subdivision | Personas jurídicas, corporaciones (Mutuales) |
| 020 ## - INTERNATIONAL STANDARD BOOK NUMBER | |
| International Standard Book Number | 978-950-14-0576-7 |
| 041 ## - LANGUAGE CODE | |
| Language code of text/sound track or separate title | spa |
| 100 1# - MAIN ENTRY--PERSONAL NAME | |
| Personal name | Dobson, Juan M. |
| 245 10 - TITLE STATEMENT | |
| Title | El abuso de la personalidad jurídica |
| Name of part/section of a work | (en el derecho privado) |
| 250 ## - EDITION STATEMENT | |
| Edition statement | 2a. ed. |
| 264 #1 - PRODUCTION, PUBLICATION, DISTRIBUTION, MANUFACTURE, AND COPYRIGHT NOTICE | |
| Place of production, publication, distribution, manufacture | Buenos Aires : |
| Name of producer, publisher, distributor, manufacturer | Ediciones Depalma |
| Date of production, publication, distribution, manufacture, or copyright notice | 1991 |
| 300 ## - PHYSICAL DESCRIPTION | |
| Extent | xxiii, 661 p. |
| Dimensions | 23 cm. |
| 505 ## - FORMATTED CONTENTS NOTE | |
| Formatted contents note | 1. Introducción – 2. La sociedad anónima norteamericana. Desarrollo histórico – 3. La desestimación de la personalidad jurídica: un criterio de verdad – 4. La equidad en el derecho angloamericano – 5. El fraude en el derecho privado y en la desestimación de la personalidad jurídica – 6. La interposición de personas en la teoría de la desestimación de la personalidad jurídica – 7. Las sociedades controladas y la subordinación de los créditos en el derecho de los estados unidos – 8. Las sociedades controladas y la subordinación de créditos en el derecho argentino – 9. Las doctrinas del “ESTOPPEL” y de los propios actos – 10. De la responsabilidad limitada a la solidaridad: los “Join Ventures” los contratos de colaboración empresaria en la ley argentina. Las agrupaciones de colaboración. Las uniones transitorias de empresas – 11. El control societario y el abuso de la personalidad jurídica. El grupo de sociedades. El control y la responsabilidad en la ley Argentina – 12. La unidad económica patrimonial – 13. La confusión patrimonial y la sociedad de un solo socio – 14. La extensión de la quiebra – 15. El abuso de la personalidad jurídica y el régimen de los hechos ilícitos - |
| 590 ## - LOCAL NOTE (RLIN) | |
| Local note | niveau_biblio:m niveau_hierar:0 |
| 942 ## - ADDED ENTRY ELEMENTS (KOHA) | |
| Koha item type | |
| Withdrawn status | Lost status | Damaged status | Not for loan | Home library | Current library | Shelving location | Date acquired | Total checkouts | Full call number | Barcode | Date last seen | Price effective from | Koha item type |
|---|---|---|---|---|---|---|---|---|---|---|---|---|---|
| Biblioteca Prof. Eusebio Cleto del Rey | Biblioteca Prof. Eusebio Cleto del Rey | 07/04/2026 | 347.19 D635 2ed. | L53756 | 07/04/2026 | 07/04/2026 | Libro |